000 00693cam a22002413a 4500
001 6013
003 PGUSA
005 20140828083127.0
008 040701s2004||||xxu|||||s|||||000 1 eng d
040 _aPGUSA
_beng
042 _adc
050 4 _aPS
100 1 _aMcCutcheon, George Barr,
_d1866-1928
245 1 0 _aViola Gwyn
_h[electronic resource] /
_cGeorge Barr McCutcheon
260 _bProject Gutenberg,
_c2004
506 _aPublic domain in the USA.
516 _aElectronic text
653 _aFrontier and pioneer life -- Indiana -- Fiction
653 _aHistorical fiction
830 0 _aProject Gutenberg
_v6013
856 4 0 _uhttp://www.gutenberg.org/ebooks/6013
942 _cEB
999 _c235341
_d235341